Southville International School and Colleges
Your cart is empty.
  • Cart
  • Lists
    Public lists Eva Luna New books Lux_list list_1
    Your lists Log in to create your own lists
  • Log in to your account
  • Your cookies
  • Search history
Southville International School and Colleges
  • Advanced search
  • Recent comments
  • Most popular
  • Libraries

Log in to your account

Log in with GOOGLE


If you do not have an external account, but do have a local account, you can still log in:

  1. Home
  2. MARC view: Little red riding hood
Normal view MARC view ISBD view

Little red riding hood (Record no. 365717)

[ view plain ]
MARC details
000 -LEADER
fixed length control field 00471nam a22001697a 4500
003 - CONTROL NUMBER IDENTIFIER
control field 0
005 - DATE AND TIME OF LATEST TRANSACTION
control field 20231206095538.0
008 - FIXED-LENGTH DATA ELEMENTS--GENERAL INFORMATION
fixed length control field 231206b xxu||||| |||| 00| 0 eng d
020 ## - INTERNATIONAL STANDARD BOOK NUMBER
International Standard Book Number 978-1949679-51-9
050 ## - LIBRARY OF CONGRESS CALL NUMBER
Classification number ER
Item number Lit779 2018
082 ## - DEWEY DECIMAL CLASSIFICATION NUMBER
Classification number ER
Item number Lit779 2018
245 ## - TITLE STATEMENT
Title Little red riding hood
260 ## - PUBLICATION, DISTRIBUTION, ETC. (IMPRINT)
Place of publication, distribution, etc New York
Name of publisher, distributor, etc Little Hippo Books
Date of publication, distribution, etc c2018.
300 ## - PHYSICAL DESCRIPTION
Extent unnumbered pages :
Other physical details colored illustrations ;
Dimensions 20cm.
650 ## - SUBJECT ADDED ENTRY--TOPICAL TERM
Topical term or geographic name as entry element Children's stories.
942 ## - ADDED ENTRY ELEMENTS (KOHA)
Source of classification or shelving scheme Dewey Decimal Classification
Koha item type Books
Holdings
Withdrawn status Lost status Source of classification or shelving scheme Damaged status Home library Current library Shelving location Date acquired Source of acquisition Sub Shelving location Total Checkouts Full call number Barcode Date last seen Price effective from Koha item type
    Dewey Decimal Classification   Elizalde Library Elizalde Library Teachers Reference Section 04/26/2024 Library Fund     ER Lit779 2018 E12619 04/26/2024 04/26/2024 Books
    Dewey Decimal Classification   Munich Library Munich Library Easy Reading Section 12/06/2023 Library Fund     ER Lit779 2018 M8535 12/06/2023 12/06/2023 Books

Little red riding hood

APA

(2018). Little red riding hood. New York: Little Hippo Books.

Chicago

2018. Little red riding hood. New York: Little Hippo Books.

Harvard

(2018). Little red riding hood. New York: Little Hippo Books.

MLA

Little red riding hood. New York: Little Hippo Books. 2018.

  • Place hold
  • Print
  • Cite
  • Add to your cart (remove)
  • Save record
    BIBTEX Dublin Core MARCXML MARC (non-Unicode/MARC-8) MARC (Unicode/UTF-8) MARC (Unicode/UTF-8, Standard) MODS (XML) RIS
  • More searches
    Search for this title in:
    Other Libraries (WorldCat) Other Databases (Google Scholar) Online Stores (Bookfinder.com) Open Library (openlibrary.org)

Exporting to Dublin Core...

SOUTHVILLE LIBRARY

Southville International School and Colleges Library

1281 Tropical Ave. Cor. Luxembourg St., BF Homes International, Las Pinas City

Tel. No. 8256374 / 252358 Loc. 117/146

Powered by Koha